| 000 | 01049cam a2200181 4500 | ||
|---|---|---|---|
| 001 | L126367 | ||
| 008 | 040602n2003 000 0 eng u | ||
| 035 | _a(Sirsi) u126367 | ||
| 041 | _aeng | ||
| 050 |
_a658.404 _c18 |
||
| 110 |
_aRoyal Institution of Chartered Surveyors _bProject Management Faculty _94639 |
||
| 245 |
_aPFI and the skills of the project manager _bexecutive summary |
||
| 260 |
_aLondon _bRICS _c2003 |
||
| 520 | _aThis summary outlines the first detailed analysis of Private Finance Initiative (PFI) carried out within the RICS Project Management Faculty. The faculty sponsored the College of Estate Management to examine how often and how much faculty members were involved in the PFI process. The aim of the study was to increase awareness about PFI among the surveying profession and to develop and expand project management skills and competencies. | ||
| 690 | _aMANAGEMENT-PROJECT MANAGEMENT-PROJECT MANAGERS | ||
| 856 |
_uhttps://www.rics.org/RICSWEB/getpage.aspx?p=wf5jPjQA8E6y4V67Or3myA _zView article at |
||
| 942 | _n0 | ||
| 999 |
_c103612 _d103612 |
||